000 00511nam a2200169Ia 4500
008 240729s9999 xx 000 0 und d
022 _a2150-2668
245 0 _aJournal of Excipients and Food Chemicals
260 _aUnited States
260 _bInternational Pharmaceutical Excipients Council
650 _a Chemical technology
650 _a Food processing and manufacture
650 _aTechnology
856 _uhttps://doaj.org/toc/8ef61b93fac04a9e838aa9940715882a
942 _2ddc
942 _cDOAJEJ
999 _c66789
_d66789
945 _a1
_bMadushi Gamage
_c1
_dMadushi Gamage